000 00591nam a2200205 i 4500
001 12108
003 ES-MaACL
005 20250821063014.0
007 t|
008 970410s1991 sp ||||1| spa d
020 _a84-7232-586-5
080 _a970/980
100 1 _aBaquero, Gastón,
_d1918-1997
_925260
245 1 0 _aIndios, blancos y negros en el caldero de América /
_cGastón Baquero.
260 _aMadrid :
_bCultura Hispánica,
_c1991.
300 _a289 p. ;
_c24 cm.
651 4 _aAmérica-
_xHistoria.
_97703
852 _aES-MaACL
_jL-19437
999 _c12108
_d12108